000 00795nam a2200181Ia 4500
008 090630s9999 xx 000 0 und d
082 _b26144
100 _aदेशपांडे ब्रह्मानंद.
245 _aअजिंठा; वेरुळ; औरंगाबाद.
_cदेशपांडे ब्रह्मानंद.
260 _bसाकेत - औरंगाबाद.
_c2004
300 _a120
600 _aदेशपांडे ब्रह्मानंद.
630 _aअजिंठा; वेरुळ; औरंगाबाद.
655 _aप्रवास.
700 _aदेशपांडे ब्रह्मानंद.
730 _aअजिंठा; वेरुळ; औरंगाबाद.
942 _cBOOK
999 _c278000
_d278000